000
00323nam a2200133Ia 4500
005
20251222143219.0
008
251222s9999||||xx |||||||||||||| ||spa||
020
_a
8487502180
082
_a
800/P85
245
0
_a
Historia de la Naranja
250
_a
1ra. ed.
264
_b
Editorial Prensa Valenciana, S.A.
942
_c
LIB
999
_c
13748
_d
13748